Statistics for Kpop Artist by Song Quiz #2

Click here to take the quiz!

General Stats

  • This quiz has been taken 413 times
  • The average score is 8 of 20

Answer Stats

SongArtist% Correct
GrowlEXO
96%
Dumb DumbRed Velvet
88%
House Of CardsBTS
79%
The BoysSNSD
76%
DecalcomanieMamamoo
70%
LimitlessNCT 127
68%
Tell Me What To DoSHINee
49%
PepeCLC
46%
AloneSistar
42%
Full MoonSunmi
41%
RememberApink
30%
Love PaintNu'est
27%
Paradise LostGain
22%
I WishCosmic Girls
20%
KnockKNK
16%
Full HouseMOBB
16%
Take Me NowFT. Island
12%
The BeatToppDogg
7%
Watch OutHot Shot
6%
Breathe AgainAmber
3%

Score Distribution

Percentile by Number Answered

Percent of People with Each Score

Your Score History

You have not taken this quiz